| 000 | 01185cam a22003495i 4500 | ||
|---|---|---|---|
| 999 |
_c23064 _d23036 |
||
| 001 | 18270399 | ||
| 003 | EG-ScBUE | ||
| 005 | 20201203112727.0 | ||
| 008 | 140815t20152015ctua f b 001 0 eng d | ||
| 020 | _a9781607951889 | ||
| 040 |
_aDNLM/DLC _beng _erda _cDLC _dDLC _dEG-ScBUE |
||
| 082 | 0 | 4 |
_a617.63 _bBUR _222 |
| 245 | 0 | 0 |
_aBurket's oral medicine / _c[edited by] Michael Glick, William M. Feagans Chair. |
| 246 | 3 | _aOral medicine | |
| 250 | _aTwelfth edition. | ||
| 264 | 1 |
_aShelton, CT : _bPeople's Medical Publishing House, _c[2015] |
|
| 264 | 4 | _cc2015 | |
| 300 |
_axv, 716 pages : _billustrations (chiefly color) ; _c28 cm |
||
| 336 |
_atext _btxt _2rdacontent |
||
| 337 |
_aunmediated _bn _2rdamedia |
||
| 338 |
_avolume _bnc _2rdacarrier |
||
| 504 | _aIncludes bibliographical references and index. | ||
| 650 | 7 |
_aMouth _xDiseases. _2BUEsh _941359 |
|
| 650 | 7 |
_aTooth Diseases _xDiagnosis. _2BUEsh |
|
| 650 | 7 |
_aOral manifestations of general diseases. _2BUEsh _938973 |
|
| 651 | _2BUEsh | ||
| 653 |
_bDDENT _bPPhrm _cNovember2016 |
||
| 655 |
_vText book _933728 |
||
| 700 | 1 |
_aGlick, Michael, _eeditor. |
|
| 700 | 1 |
_aChair, William M. Feagans, _eeditor. |
|
| 942 |
_2ddc _cBB |
||